La dialéctica de Hegel

Đã lưu trong:
Chi tiết về thư mục
Tác giả chính: Fabro, Cornelio (Tác giả)
Định dạng: Sách
Ngôn ngữ:Tiếng Tây Ban Nha
Được phát hành: Buenos Aires Columba 1969
Loạt:Nuevos esquemas, 216
Những chủ đề:
Các nhãn: Thêm thẻ
Không có thẻ, Là người đầu tiên thẻ bản ghi này!

MARC

LEADER 00000nam a2200000 a 4500
001 UCY4661
003 CL-VaPUC
008 950323e19690000AG |||||||||||||||||spa|d
082 0 4 |a 193  |b FAB  |2 21 
100 0 |a Fabro, Cornelio  |e author  |9 333139 
245 1 3 |a La dialéctica de Hegel 
300 |a 537 p 
942 |c BK 
945 |d 19950323 00:00:00  |a aalvarez 
260 |a Buenos Aires  |b Columba  |c 1969 
650 0 |a Dialéctica  |9 257902 
583 |a last modification  |c 19950323 00:00:00  |k Rodrigo Vera 
490 0 |a Nuevos esquemas, 216 
999 |c 232448  |d 232446 
952 |0 0  |1 0  |2 ddc  |4 0  |6 193_000000000000000_FAB_1969  |7 0  |8 A  |9 236910  |a BIBEDU  |b BIBEDU  |c GEN  |d 2019-11-15  |i 3067793  |l 1  |o 193 FAB 1969  |p 3067793  |r 2024-10-18  |s 2024-10-18  |w 2019-11-15  |y BK  |k FIL